<?xml version="1.0" encoding="UTF-8"?>
<record
    xmlns:xsi="http://www.w3.org/2001/XMLSchema-instance"
    xsi:schemaLocation="http://www.loc.gov/MARC21/slim http://www.loc.gov/standards/marcxml/schema/MARC21slim.xsd"
    xmlns="http://www.loc.gov/MARC21/slim">

  <leader>00473nam a22001817a 4500</leader>
  <controlfield tag="005">20260323114747.0</controlfield>
  <controlfield tag="008">260323b        |||||||| |||| 00| 0 eng d</controlfield>
  <datafield tag="020" ind1=" " ind2=" ">
    <subfield code="a">978-1-259-25117-7</subfield>
  </datafield>
  <datafield tag="100" ind1=" " ind2=" ">
    <subfield code="a">ROSH ADAM J.</subfield>
  </datafield>
  <datafield tag="245" ind1=" " ind2=" ">
    <subfield code="a">PRE TEST EMERGENCY MEDICINE</subfield>
  </datafield>
  <datafield tag="250" ind1=" " ind2=" ">
    <subfield code="a">4TH ED.</subfield>
  </datafield>
  <datafield tag="260" ind1=" " ind2=" ">
    <subfield code="a">NEW YORK</subfield>
    <subfield code="b">MCGRAW HILL</subfield>
    <subfield code="c">2016</subfield>
  </datafield>
  <datafield tag="300" ind1=" " ind2=" ">
    <subfield code="a">XIII,608P.</subfield>
  </datafield>
  <datafield tag="500" ind1=" " ind2=" ">
    <subfield code="a">INCLUDES AN INDEX</subfield>
  </datafield>
  <datafield tag="650" ind1=" " ind2=" ">
    <subfield code="a">EMERGENCY MEDICINE</subfield>
  </datafield>
  <datafield tag="700" ind1=" " ind2=" ">
    <subfield code="a">CIARA BARCLAY-BUCHANAN</subfield>
  </datafield>
  <datafield tag="942" ind1=" " ind2=" ">
    <subfield code="2">lcc</subfield>
    <subfield code="c">BK</subfield>
  </datafield>
  <datafield tag="999" ind1=" " ind2=" ">
    <subfield code="c">216853</subfield>
    <subfield code="d">216853</subfield>
  </datafield>
  <datafield tag="952" ind1=" " ind2=" ">
    <subfield code="0">0</subfield>
    <subfield code="1">0</subfield>
    <subfield code="2">lcc</subfield>
    <subfield code="4">0</subfield>
    <subfield code="6">RC00869 R67  02016</subfield>
    <subfield code="7">0</subfield>
    <subfield code="8">MED</subfield>
    <subfield code="9">376394</subfield>
    <subfield code="a">KSUL</subfield>
    <subfield code="b">KSUL</subfield>
    <subfield code="c">DISPLAY</subfield>
    <subfield code="d">2026-03-23</subfield>
    <subfield code="i">112499</subfield>
    <subfield code="l">0</subfield>
    <subfield code="o">RC 86.9 .R67 2016</subfield>
    <subfield code="p">A000222</subfield>
    <subfield code="r">2026-03-23 11:49:00</subfield>
    <subfield code="t">C.1</subfield>
    <subfield code="w">2026-03-23</subfield>
    <subfield code="y">BK</subfield>
  </datafield>
  <datafield tag="952" ind1=" " ind2=" ">
    <subfield code="0">0</subfield>
    <subfield code="1">0</subfield>
    <subfield code="2">lcc</subfield>
    <subfield code="4">0</subfield>
    <subfield code="6">RC00869 R67  02016</subfield>
    <subfield code="7">0</subfield>
    <subfield code="8">MED</subfield>
    <subfield code="9">376395</subfield>
    <subfield code="a">KSUL</subfield>
    <subfield code="b">KSUL</subfield>
    <subfield code="c">DISPLAY</subfield>
    <subfield code="d">2026-03-23</subfield>
    <subfield code="i">112500</subfield>
    <subfield code="l">0</subfield>
    <subfield code="o">RC 86.9 .R67 2016</subfield>
    <subfield code="p">A000220</subfield>
    <subfield code="r">2026-03-23 11:49:00</subfield>
    <subfield code="t">C.2</subfield>
    <subfield code="w">2026-03-23</subfield>
    <subfield code="y">BK</subfield>
  </datafield>
  <datafield tag="952" ind1=" " ind2=" ">
    <subfield code="0">0</subfield>
    <subfield code="1">0</subfield>
    <subfield code="2">lcc</subfield>
    <subfield code="4">0</subfield>
    <subfield code="6">RC00869 R67  02016</subfield>
    <subfield code="7">0</subfield>
    <subfield code="8">MED</subfield>
    <subfield code="9">376396</subfield>
    <subfield code="a">KSUL</subfield>
    <subfield code="b">KSUL</subfield>
    <subfield code="c">DISPLAY</subfield>
    <subfield code="d">2026-03-23</subfield>
    <subfield code="i">112501</subfield>
    <subfield code="l">0</subfield>
    <subfield code="o">RC 86.9 .R67 2016</subfield>
    <subfield code="p">A000173</subfield>
    <subfield code="r">2026-03-23 11:49:00</subfield>
    <subfield code="t">C.3</subfield>
    <subfield code="w">2026-03-23</subfield>
    <subfield code="y">BK</subfield>
  </datafield>
  <datafield tag="952" ind1=" " ind2=" ">
    <subfield code="0">0</subfield>
    <subfield code="1">0</subfield>
    <subfield code="2">lcc</subfield>
    <subfield code="4">0</subfield>
    <subfield code="6">RC00869 R67  02016</subfield>
    <subfield code="7">0</subfield>
    <subfield code="8">MED</subfield>
    <subfield code="9">376397</subfield>
    <subfield code="a">KSUL</subfield>
    <subfield code="b">KSUL</subfield>
    <subfield code="c">DISPLAY</subfield>
    <subfield code="d">2026-03-23</subfield>
    <subfield code="i">112502</subfield>
    <subfield code="l">0</subfield>
    <subfield code="o">RC 86.9 .R67 2016</subfield>
    <subfield code="p">A000178</subfield>
    <subfield code="r">2026-03-23 11:49:00</subfield>
    <subfield code="t">C.4</subfield>
    <subfield code="w">2026-03-23</subfield>
    <subfield code="y">BK</subfield>
  </datafield>
</record>
